Dorset Places - Sudden Death - Statistics

General Stats
  • This quiz has been taken 38 times
  • The average score is 10 of 14
Answers on the Grid
Answers color-coded by a green-red scale on the quiz's grid according to % correct below.
Exmouth
Shepton Mallet
Southampton
Bude
Saltash
Eastbourne
Slough
Evesham
Blackpool
Kingston upon Hull
Barnstaple
Great Yarmouth
Margate
Whitstable
Bere Regis
Bournemouth
Bridport
Dorchester
Lyme Regis
Poole
Shaftesbury
Sherborne
Sturminster Newton
Swanage
Verwood
Wareham
Weymouth
Wimborne Minster
 
Answer Stats
Answer % Correct
Dorchester
93%
Swanage
87%
Lyme Regis
80%
Poole
80%
Bournemouth
77%
Weymouth
77%
Wareham
73%
Bere Regis
70%
Sherborne
70%
Bridport
67%
Wimborne Minster
67%
Shaftesbury
63%
Sturminster Newton
60%
Verwood
47%
No matching quizzes found
Score Distribution
Percent of People with Each Score
Percentile by Number Answered
Your Score History
You have not taken this quiz